000 00386cam a22001097a 4500
008 180718b1960 xxu||||| |||| 00| 0 eng d
082 _aN4x42 Un3r
245 _aReport of the Royal commission on the police powers and procedure
_cby Her Majesty's Stationery Office
260 _aLondon
_bHer Majesty's Stationery Office
_c1960
300 _a161p.
700 _aHer Majesty's Stationery Office
999 _c411064
_d411064